Memoria acerca del estado del Instituto de Vitoria durante el curso de 1890-1891 / (Record no. 156038)

MARC details
000 -LEADER
campo de control de longitud fija 00943nam a22001935i 4500
001 - NÚMERO DE CONTROL
campo de control 156038
003 - IDENTIFICADOR DE NÚMERO DE CONTROL
campo de control ES-MaACL
005 - FECHA Y HORA DE LA ÚLTIMA TRANSACCIÓN
campo de control 20230906210311.0
008 - DATOS DE LONGITUD FIJA--INFORMACIÓN GENERAL
campo de control de longitud fija 041112s1891 sp |||| | spa d
040 ## - FUENTE DE CATALOGACIÓN
Centro catalogador/agencia de origen CAM
Lengua de catalogación spa
Centro/agencia transcriptor CAM
080 ## - NÚMERO DE LA CLASIFICACIÓN DECIMAL UNIVERSAL
Número de la Clasificación Decimal Universal 378.5(460.156 V.)(060.55)
110 2# - ENTRADA PRINCIPAL--NOMBRE DE ENTIDAD CORPORATIVA
Nombre de entidad corporativa o nombre de jurisdicción como elemento de entrada Instituto Provincial de Segunda Enseñanza de Vitoria.
9 (RLIN) 134539
245 10 - MENCIÓN DEL TÍTULO
Título Memoria acerca del estado del Instituto de Vitoria durante el curso de 1890-1891 /
Mención de responsabilidad, etc. leída por Antonio Pombo y Martínez de Gamarra... en la solemne apertura del año académico de 1891-1892.
260 ## - PUBLICACIÓN, DISTRIBUCIÓN, ETC.
Lugar de publicación, distribución, etc. Vitoria :
Nombre del editor, distribuidor, etc. [s.n.],
Fecha de publicación, distribución, etc. 1891 (
Fabricante Establecimiento tipográfico de la Viuda é Hijos de Iturbe)
300 ## - DESCRIPCIÓN FÍSICA
Extensión 56 p. ;
Dimensiones 23 cm.
610 24 - PUNTO DE ACCESO ADICIONAL DE MATERIA--NOMBRE DE ENTIDAD CORPORATIVA
Nombre de entidad corporativa o nombre de jurisdicción como elemento de entrada Instituto Provincial de Segunda Enseñanza de Vitoria-
Subdivisión general Memorias.
9 (RLIN) 145013
700 1# - ENTRADA AGREGADA--NOMBRE PERSONAL
Nombre de persona Pombo y Martínez de Gamarra, Antonio.
9 (RLIN) 92914
852 ## - LOCALIZACIÓN
Ubicación ES-MaACL
Número de control de estantería T-566-F-9
Nota libre -- Enc.hol., conservando la cub. original
-- -- Enc. en un vol. facticio
Holdings
Estatus retirado Estado de pérdida Estado de daño No para préstamo Colección Biblioteca de origen Biblioteca actual Ubicación en estantería Fecha de adquisición Total de préstamos Signatura topográfica completa Código de barras Visto por última vez Precio de reemplazo Tipo de ítem Koha
        Colección de folletos Biblioteca del Ateneo de Madrid Biblioteca del Ateneo de Madrid Depósito folletos 17/01/2008   T-566-F-9 1163243 23/02/2023 23/02/2023 Folleto